| 000 | 00448nam a2200169Ia 4500 | ||
|---|---|---|---|
| 001 | 39415 | ||
| 008 | 140423s9999 xx 000 0 und d | ||
| 020 | _aNA | ||
| 040 | _cPK-LaUMT | ||
| 082 |
_a 297.4 _bJAF-I |
||
| 100 | _aJafar Shah Phalwarvi, Muhammad | ||
| 245 |
_aIslam aur museeqi (Urdu) _cJafar Shah Phalwarvi, Muhammad |
||
| 260 |
_aLahore,Pakistan: _bIdarah-e-Sikaft-e-Islamia, _c2000 |
||
| 300 | _a366 p. | ||
| 546 | _aUR | ||
| 942 | _cBK | ||
| 999 |
_c38724 _d38724 |
||